Normal view
MARC view
- أبو أسعد، أحمد عبد اللطيف
Entry Personal Name
001 - CONTROL NUMBER
- control field: 28061
003 - CONTROL NUMBER IDENTIFIER
- control field: JO-AjAnu
005 - DATE AND TIME OF LATEST TRANSACTION
- control field: 20230606074747.0
008 - FIXED-LENGTH DATA ELEMENTS
- fixed length control field: 230606|| aca||aabn | a|a d
040 ## - CATALOGING SOURCE
- Original cataloging agency: JO-AjAnu
- Transcribing agency: JO-AjAnu
100 ## - HEADING--PERSONAL NAME
- Personal name: أبو أسعد، أحمد عبد اللطيف
670 ## - SOURCE DATA FOUND
- Source citation: Work cat.: (JO-AjAnu)14405: أبو أسعد، أحمد عبد اللطيف, author, تعديل السلوك الإنساني: النظرية والتطبيق = Behavior Modification